000 00286nam a2200109Ia 4500
001 1276021
005 20260417160439.0
008 260417s9999 xx 000 0 und d
020 _a9786256999275
245 0 _aKitap Yiyen Olağanüstü Çocuk
_cOliver Jeffers
260 _bKetebe Çocuk
999 _c1276021
_d1276021